Štatistika cestovného ruchu a služieb ukazovatele CRaS

Gespeichert in:
Bibliographische Detailangaben
1. Verfasser: Lesáková, Ľubica
Format: Buch
Sprache:Slowakisch
Veröffentlicht: Bratislava Vysoká škola ekonomická 1978
Tags: Tag hinzufügen
Keine Tags, Fügen Sie das erste Tag hinzu!

MARC

LEADER 00000nam a2200000 4500
001 c111378
005 20181219124432.3
041 0 |a slo 
044 |a SK 
245 1 0 |a Štatistika cestovného ruchu a služieb  |b ukazovatele CRaS  |c Ľubica Lesáková 
264 1 |a Bratislava  |b Vysoká škola ekonomická  |c 1978 
300 |a 95 s. 
100 1 |a Lesáková, Ľubica